Concept maths year 8 (Record no. 2996)

MARC details
000 -LEADER
fixed length control field 00474nam a22001817a 4500
003 - CONTROL NUMBER IDENTIFIER
control field URS
005 - DATE AND TIME OF LATEST TRANSACTION
control field 20220114142338.0
008 - FIXED-LENGTH DATA ELEMENTS--GENERAL INFORMATION
fixed length control field 191023s1992 a|||| |||| 00| 0 eng d
020 ## - INTERNATIONAL STANDARD BOOK NUMBER
International Standard Book Number 0732912725
040 ## - CATALOGING SOURCE
Transcribing agency URS
Language of cataloging eng
Modifying agency rda
050 14 - LIBRARY OF CONGRESS CALL NUMBER
Classification number QA 154.2
Item number .G4751 1992
100 ## - MAIN ENTRY--PERSONAL NAME
Personal name Gill, Ken
245 10 - TITLE STATEMENT
Title Concept maths year 8
Statement of responsibility, etc. Ken Gill
260 ## - PUBLICATION, DISTRIBUTION, ETC.
Date of publication, distribution, etc. [1992]
300 ## - PHYSICAL DESCRIPTION
Extent vi, 369 pages:
Other physical details with illustrations;
Dimensions 25 cm.
650 ## - SUBJECT ADDED ENTRY--TOPICAL TERM
Topical term or geographic name entry element Mathematics-Juvenile Literature
942 ## - ADDED ENTRY ELEMENTS (KOHA)
Source of classification or shelving scheme Library of Congress Classification
Koha item type Foreign Books
Holdings
Withdrawn status Source of classification or shelving scheme Damaged status Not for loan Collection code Home library Current library Shelving location Date acquired Total Checkouts Full call number Barcode Date last seen Price effective from Koha item type
  Library of Congress Classification     Non-fiction Cainta College Library Cainta College Library On Display 11/27/2017   QA 154.2.G4751 1992 URSCAI-1569 11/27/2017 11/27/2017 Foreign Books

University of Rizal System
Email us at univlibservices@urs.edu.ph

Visit our Website www.urs.edu.ph/library